000
00288nam a2200121Ia 4500
008
230303s9999 xx 000 0 und d
041
_a
eng
082
_a
005.133 GRA
100
_a
GRACE (RICH) PARKER (TIM)
245
_a
Linux to go
260
_a
NEW YORK
_b
ADDISON WileyH
365
_c
RS
999
_c
177181
_d
177181